| 000 | 00360nam a2200145Ia 4500 | ||
|---|---|---|---|
| 008 | 230312s9999||||xx |||||||||||||| ||und|| | ||
| 082 |
_a728 _bSPI-I |
||
| 100 | _aSpiliotis;Apollo | ||
| 245 | 0 | _aIllusionism in Architecture | |
| 260 |
_aManchester _c2008 |
||
| 300 | _a73 | ||
| 546 | _aEng. | ||
| 650 |
_aArchitecture _vIllusionism in Architecture |
||
| 942 | _cBK | ||
| 999 |
_c9630 _d9630 |
||